000 00354nam a2200157Ia 4500
008 210210b1951 xxu||||| |||| 00| 0 eng d
041 _aeng
082 _a822/814
100 _aMACKENZIE (C)
245 _aEstern epic
260 _aLondon
_bChatto & Windus
_c1951
650 _aEstern
650 _aepic
690 _aEnglish Prose
906 _a012998
999 _c131832
_d131832